Statistics for Municipalities of Sardinia (with a map)

Click here to take the quiz!

General Stats

  • This quiz has been taken 202 times
  • The average score is 106 of 377

Answers on the Map

Answers color-coded by a green-red scale on the quiz's map according to % correct below.
 

Answer Stats

Comune% Correct
Cagliari
96%
Sassari
95%
Olbia
91%
Oristano
90%
Nuoro
86%
Alghero
84%
Carbonia
80%
Iglesias
77%
Porto Torres
75%
Quartu Sant'Elena
70%
Tempio Pausania
65%
Villasimius
64%
Sant'Antioco
62%
La Maddalena
60%
Bosa
57%
Orgosolo
57%
Carloforte
56%
Villacidro
54%
Tortolì
53%
Palau
52%
Pula
52%
Sanluri
52%
Arzachena
51%
Assemini
51%
Castelsardo
51%
Orosei
51%
Elmas
50%
Lanusei
48%
Sestu
48%
Arborea
47%
Decimomannu
47%
Ozieri
47%
Macomer
46%
Quartucciu
46%
Sini
46%
Cabras
45%
Capoterra
45%
Dorgali
45%
Fonni
45%
San Teodoro
45%
Selargius
45%
Siniscola
45%
Calasetta
44%
Monserrato
44%
Muravera
43%
Arbus
42%
Bono
42%
Budoni
42%
Sarroch
41%
Stintino
41%
Teulada
41%
Uta
41%
Baunei
40%
Golfo Aranci
40%
Ossi
40%
Sinnai
40%
Mamoiada
39%
Bari Sardo
38%
Barumini
38%
Mara
38%
Villasor
38%
Bitti
37%
Dolianova
37%
Maracalagonis
37%
Oliena
37%
Buddusò
36%
Gonnosfanadiga
36%
Guspini
36%
Monastir
36%
Sorso
36%
Abbasanta
35%
Decimoputzu
35%
Domus de Maria
35%
Fluminimaggiore
35%
Lula
35%
Perdasdefogu
35%
Portoscuso
35%
Terralba
35%
Ales
34%
Bonorva
34%
Isili
34%
Jerzu
34%
Santa Teresa Gallura
34%
Settimo San Pietro
34%
Ulassai
34%
Villaputzu
34%
Ghilarza
33%
Ollolai
33%
Pau
33%
Tonara
33%
Burcei
32%
Desulo
32%
Ittiri
32%
Posada
32%
Senorbì
32%
Serramanna
32%
Tertenia
32%
Buggerru
31%
Calangianus
31%
Gavoi
31%
Mogoro
31%
Orotelli
31%
Samugheo
31%
Santadi
31%
Siliqua
31%
Simaxis
31%
Aritzo
30%
Domusnovas
30%
Fordongianus
30%
Orune
30%
Ottana
30%
Samassi
30%
San Gavino Monreale
30%
San Sperate
30%
San Vito
30%
Sardara
30%
Ussassai
30%
Villagrande Strisaili
30%
Villamassargia
30%
Ballao
29%
Bolotana
29%
Castiadas
29%
Escalaplano
29%
Gairo
29%
Laconi
29%
Mandas
29%
Orani
29%
Santa Giusta
29%
Seui
29%
Thiesi
29%
Usini
29%
Villanovaforru
29%
Belvì
28%
Cuglieri
28%
Girasole
28%
Gonnosnò
28%
Ovodda
28%
Paulilatino
28%
Ploaghe
28%
Pompu
28%
Santu Lussurgiu
28%
Seulo
28%
Sorgono
28%
Villaspeciosa
28%
Aggius
27%
Armungia
27%
Berchidda
27%
Cardedu
27%
Ilbono
27%
Serrenti
27%
Tuili
27%
Valledoria
27%
Alà dei Sardi
26%
Arzana
26%
Benetutti
26%
Burgos
26%
Esterzili
26%
Lunamatrona
26%
Meana Sardo
26%
Milis
26%
Nuraminis
26%
Olmedo
26%
Osini
26%
Pattada
26%
San Vero Milis
26%
Sedilo
26%
Sennori
26%
Tissi
26%
Uras
26%
Villamar
26%
Villanova Monteleone
26%
Villa San Pietro
26%
Galtellì
25%
Gesturi
25%
Giba
25%
Las Plassas
25%
Lei
25%
Lotzorai
25%
Masullas
25%
Narcao
25%
Nuxis
25%
Pimentel
25%
San Giovanni Suergiu
25%
Serdiana
25%
Tratalias
25%
Usellus
25%
Ussana
25%
Vallermosa
25%
Villasalto
25%
Borore
24%
Gonnesa
24%
Guasila
24%
Luogosanto
24%
Nurallao
24%
Sant'Andrea Frius
24%
Soleminis
24%
Torpè
24%
Urzulei
24%
Bonnanaro
23%
Gonnostramatza
23%
Irgoli
23%
Loculi
23%
Loiri Porto San Paolo
23%
Mores
23%
Musei
23%
Orroli
23%
Osilo
23%
Pabillonis
23%
Sant'Anna Arresi
23%
Tresnuraghes
23%
Uri
23%
Ussaramanna
23%
Aglientu
22%
Atzara
22%
Austis
22%
Bortigali
22%
Donori
22%
Furtei
22%
Goni
22%
Loceri
22%
Marrubiu
22%
Monti
22%
Narbolia
22%
Nurri
22%
Olzai
22%
Ortacesus
22%
Oschiri
22%
Perfugas
22%
Riola Sardo
22%
Siamanna
22%
Suelli
22%
Tramatza
22%
Trinità  d'Agultu e Vignola
22%
Tula
22%
Turri
22%
Villanovafranca
22%
Anela
21%
Ardara
21%
Badesi
21%
Baradili
21%
Bidonì
21%
Gonnoscodina
21%
Masainas
21%
Mogorella
21%
Onifai
21%
Sadali
21%
San Nicolò d'Arcidano
21%
Sant'Antonio di Gallura
21%
Siapiccia
21%
Sindia
21%
Siurgus Donigala
21%
Torralba
21%
Zerfaliu
21%
Ardauli
20%
Bonarcado
20%
Collinas
20%
Elini
20%
Florinas
20%
Gergei
20%
Ittireddu
20%
Lodine
20%
Muros
20%
Noragugume
20%
Onanì
20%
Oniferi
20%
Ortueri
20%
Piscinas
20%
Pozzomaggiore
20%
Putifigari
20%
Romana
20%
Solarussa
20%
Talana
20%
Teti
20%
Villanova Tulo
20%
Villa Verde
20%
Aidomaggiore
19%
Bottidda
19%
Bultei
19%
Busachi
19%
Chiaramonti
19%
Luras
19%
Nulvi
19%
Nuragus
19%
Padru
19%
Perdaxius
19%
San Basilio
19%
San Nicolò Gerrei
19%
Segariu
19%
Seneghe
19%
Tiana
19%
Triei
19%
Villaperuccio
19%
Baratili San Pietro
18%
Baressa
18%
Barrali
18%
Birori
18%
Esporlatu
18%
Gesico
18%
Giave
18%
Guamaggiore
18%
Illorai
18%
Lodè
18%
Morgongiori
18%
Norbello
18%
Nule
18%
Osidda
18%
Scano di Montiferro
18%
Sedini
18%
Siamaggiore
18%
Villaurbana
18%
Zeddiani
18%
Albagiara
17%
Allai
17%
Assolo
17%
Bessude
17%
Bortigiadas
17%
Borutta
17%
Bulzi
17%
Codrongianos
17%
Montresta
17%
Nughedu San Nicolò
17%
Palmas Arborea
17%
Santa Maria Coghinas
17%
Sarule
17%
Serri
17%
Silanus
17%
Siligo
17%
Banari
16%
Bauladu
16%
Cheremule
16%
Cossoine
16%
Dualchi
16%
Escolca
16%
Flussio
16%
Laerru
16%
Magomadas
16%
Monteleone Rocca Doria
16%
Neoneli
16%
Ollastra
16%
Padria
16%
Pauli Arbarei
16%
Selegas
16%
Sennariolo
16%
Siddi
16%
Silius
16%
Suni
16%
Telti
16%
Ula Tirso
16%
Viddalba
16%
Asuni
15%
Cargeghe
15%
Curcuris
15%
Erula
15%
Genoni
15%
Genuri
15%
Modolo
15%
Ruinas
15%
Samatzai
15%
Setzu
15%
Sorradile
15%
Boroneddu
14%
Gadoni
14%
Simala
14%
Tergu
14%
Tinnura
14%
Martis
13%
Nughedu Santa Vittoria
13%
Nureci
13%
Sagama
13%
Semestene
13%
Siris
13%
Soddì
13%
Villanova Truschedu
13%
Senis
12%
Villa Sant'Antonio
12%
Nurachi
11%
Tadasuni
10%

Score Distribution

Percentile by Number Answered

Percent of People with Each Score

Your Score History

You have not taken this quiz